Statistics for Fortnite Battle Royale Gun Guess

Click here to take the quiz!

General Stats

  • This quiz has been taken 794 times
  • The average score is 10 of 15

Answer Stats

HintAnswer% Correct
Legendary Assault RifleScar
95%
ShotgunPump Shotgun
74%
A bomb that makes you dance!Boogie bomb
71%
Explosive WeaponRocket Launcher
70%
Lowest RarityCommon
67%
Highest RarityLegendary
67%
Third to Highest RarityRare
67%
ShotgunTactical Shotgun
67%
Explosive WeaponGrenade Launcher
66%
Seconed to lowest RarityUncommon
66%
Seconed to Highest RarityEpic
65%
ShotgunHeavy Shotgun
59%
Legendary Burst RifleFamas
55%
Sniper RifleBolt action sniper rifle
45%
Sniper RifleSemi auto sniper rifle
35%

Score Distribution

Percentile by Number Answered

Percent of People with Each Score

Your Score History

You have not taken this quiz